000 00580nam a2200181Ia 4500
008 100917s9999 xx 000 0 und d
082 _b20872
100 _aपोतदार दत्तो वामन, मुजुमदार ग. बा.
245 _aभा. इ. सं. म. पुणे व 239
260 _b---
_c1823
300 _a56
365 _b1.5
520 _aइतिहास
630 _aभा. इ. सं. म. पुणे व 239
650 _aइतिहास
730 _aभा. इ. सं. म. पुणे व 239
942 _cBOOK
999 _c626266
_d626263